| 000 | 00609nam a2200181 u 4500 | ||
|---|---|---|---|
| 001 | 000377283 | ||
| 003 | AM-YeHGA | ||
| 005 | 20250618072309.0 | ||
| 008 | 041103s1880 ||| r 000 0 arm d | ||
| 040 | _aAM-YeHGA | ||
| 041 | 0 | _aarm | |
| 100 | 1 |
_aԱրարատյան, Ալեքսանդր Պետրոսի, _d1855-1885 _92231 |
|
| 245 | 1 | 0 |
_aՔնարիկ մանկական / _cԱշխատասիր.՝ Ա. Արարատեանց. |
| 260 |
_aՏփխիս : _bտպ. Համբ. Էնֆիաճեանցի եւ ընկ, _c1880. |
||
| 300 | _a117 էջ | ||
| 650 | 1 | 4 | _aՄանկական գրականություն |
| 090 | _c145600 | ||
| 999 |
_c144217 _d144217 |
||